00454nam a2200145 450000500170000000800410001702000180005810000550007624500520013125000110018326000600019430000260025494200150028099900130029520260217101346.0260217b |||||||| |||| 00| 0 eng d a9781121913967 aWilley Joanne, Sherwood Linda and Woolverton Chris aPrescott's Microbiologyc/Joanne, Linda & Chris a9th ed aUnited States of America;bMcGraw-Hill Companies:c2013 axi, 1149p. ill;c28cm 2lccn0cBK c162d162